书目信息 |
| 题名: |
精通Flash动画设计
|
|
| 作者: | 邓文达 , 双洁 , 冯瑶 编著 | |
| 分册: | ||
| 出版信息: | 北京 人民邮电出版社 2009.03 |
|
| 页数: | 245页 | |
| 开本: | 26cm | |
| 丛书名: | 精通Flash动画设计 | |
| 单 册: | ||
| 中图分类: | TP391.41 | |
| 科图分类: | ||
| 主题词: | 动画--Dong Hua--设计--图形软件 | |
| 电子资源: | ||
| ISBN: | 978-7-115-19435-0 | |
| 000 | 01307nam 2200289 450 | |
| 005 | 20100607112426.64 | |
| 010 | @a978-7-115-19435-0@dCNY49.00 (含光盘) | |
| 010 | @a978-7-89479-427-7@b光盘 | |
| 100 | @a20100515d2009 em y0chiy0110 ea | |
| 101 | 0 | @achi |
| 102 | @aCN@b110000 | |
| 105 | @aa z 000yy | |
| 200 | 1 | @a精通Flash动画设计@AJing Tong F l a s h Dong Hua She Ji@eQ版角色绘画与场景设计@f邓文达, 双洁, 冯瑶编著@Fdeng wen da,shuang jie,feng yao bian zhu |
| 210 | @a北京@c人民邮电出版社@d2009.03 | |
| 215 | @a245页@c图@d26cm@e光盘1片 | |
| 225 | 2 | @a精通Flash动画设计@AJing Tong F l a s h Dong Hua She Ji |
| 330 | @a全书共分3篇12章。第1章~第4章主要介绍绘画的基础知识和Flash的基本使用方法,旨在帮助没有美术基础的读者打下一定的基础。第5章~第10章,通过30多个经典实例,详细介绍Q版人物、动物、道具的画法,使读者能够全面掌握角色绘制的要领。第11章~第12章,通过10多个精美实例,详细介绍了自然背景与建筑背景的画法。 | |
| 410 | 0 | @12001 @a精通Flash动画设计 |
| 517 | 1 | @aQ版角色绘画与场景设计@AQ ban jiao se hui hua yu chang jing she ji |
| 606 | 0 | @a动画@ADong Hua@x设计@x图形软件 |
| 610 | 0 | @aFlash |
| 690 | @aTP391.41@v4 | |
| 701 | 0 | @a邓文达@Adeng wen da@4编著 |
| 701 | 0 | @a双洁@Ashuang jie@4编著 |
| 701 | 0 | @a冯瑶@Afeng yao@4编著 |
| 801 | 0 | @aCN@c20100515 |
| 905 | @dTP391.41@eD320@f3 | |
| 精通Flash动画设计:Q版角色绘画与场景设计/邓文达, 双洁, 冯瑶编著.-北京:人民邮电出版社,2009.03 |
| 245页:图;26cm+光盘1片.-(精通Flash动画设计) |
| ISBN 978-7-115-19435-0:CNY49.00 (含光盘) |
| 全书共分3篇12章。第1章~第4章主要介绍绘画的基础知识和Flash的基本使用方法,旨在帮助没有美术基础的读者打下一定的基础。第5章~第10章,通过30多个经典实例,详细介绍Q版人物、动物、道具的画法,使读者能够全面掌握角色绘制的要领。第11章~第12章,通过10多个精美实例,详细介绍了自然背景与建筑背景的画法。 |
| ● |
| 相关链接 |
|
|
|
正题名:精通Flash动画设计
索取号:TP391.41/D320
 
预约/预借
| 序号 | 登录号 | 条形码 | 馆藏地/架位号 | 状态 | 备注 |